[Event "FRA-ch Seniors"]
[Site "Pau"]
[Date "2012.08.25"]
[Round "11"]
[White "Ruiz, Richard"]
[Black "Andrieu, Philippe"]
[Result "0-1"]
[WhiteElo "2119"]
[BlackElo "1890"]
[PlyCount "88"]
[EventDate "2012.08.14"]
[EventType "swiss"]
[EventRounds "11"]
[EventCountry "FRA"]
[SourceTitle "EXT 2013"]
[Source "ChessBase"]
[SourceDate "2012.11.22"]
[SourceVersion "1"]
[SourceVersionDate "2012.11.22"]
[SourceQuality "1"]

1. d4 d5 2. Nf3 Nc6 3. Nc3 Bg4 4. Bf4 Nf6 5. e3 e6 6. a3 Bd6 7. Bxd6 cxd6 8. Be2 Ne4 9. Nxe4 dxe4 10. Nd2 Bxe2 11. Qxe2 d5 12. 0-0 0-0 13. c4 Qg5 14. cxd5 exd5 15. Rac1 f5 16. f4 Qf6 17. b4 a6 18. Nb3 Rfd8 19. Rc2 Ne7 20. Nc5 b6 21. Nb3 Rdc8 22. Rfc1 Rxc2 23. Rxc2 Nc8 24. Nd2 Nd6 25. Rc6 Qd8 26. g4 Rc8 27. Rxc8 Qxc8 28. gxf5 Nxf5 29. Nf1 b5 30. Qg4 g6 31. Qg5 Kg7 32. Qg2 Qc1 33. Qg5 Qc8 34. Qg4 h6 35. h4 Qc1 36. Qh3 h5 37. Kf2 Qxa3 38. Kg1 Qxb4 39. Qg2 Nxh4 40. Qh3 Nf3+ 41. Kg2 Qe7 42. Ng3 Qc7 43. Nf1 Qc2+ 44. Kg3 h4+ 0-1

[Event "FRA-ch Seniors"]
[Site "Caen"]
[Date "2011.08.25"]
[Round "9"]
[White "Goldenberg, Richard"]
[Black "Ruiz, Richard"]
[Result "1-0"]
[WhiteElo "2320"]
[BlackElo "2106"]
[PlyCount "141"]
[EventDate "2011.08.16"]
[EventType "swiss"]
[EventRounds "11"]
[EventCountry "FRA"]
[SourceTitle "CBM 144 Extra"]
[Source "ChessBase"]
[SourceDate "2011.10.28"]
[SourceVersion "1"]
[SourceVersionDate "2011.10.28"]
[SourceQuality "1"]

1. d4 Nf6 2. Nf3 g6 3. c4 Bg7 4. Nc3 d6 5. Bg5 h6 6. Bh4 g5 7. Bg3 Nh5 8. e3 Nxg3 9. hxg3 Nc6 10. Qc2 e5 11. dxe5 Nxe5 12. 0-0-0 Nxf3 13. gxf3 b6 14. Qe4+ Be6 15. Bh3 Kd7 16. Nb5 Qc8 17. f4 Bxh3 18. Rxh3 a6 19. Nd4 Bxd4 20. Qxd4 Qg8 21. Rdh1 Qg6 22. fxg5 Qxg5 23. Rh5 Qg6 24. Qf4 Rae8 25. Qf5+ Re6 26. Qxg6 Rxg6 27. R1h4 a5 28. Kd2 Ke7 29. Kd3 Kf6 30. a3 Kg7 31. Re4 Re6 32. b4 axb4 33. axb4 Ra8 34. Rg4+ Rg6 35. Rhh4 Ra3+ 36. Kd4 Rb3 37. b5 Rb2 38. Rf4 Rd2+ 39. Kc3 Ra2 40. Kd3 Rg5 41. Rf3 Re5 42. Rg4+ Kf8 43. Rgf4 Re7 44. Rf5 Kg7 45. R3f4 Rb2 46. Rg4+ Kh7 47. Re4 Rxe4 48. Kxe4 Kg6 49. g4 Rd2 50. f3 Rd1 51. Rh5 Rd2 52. Rh1 Ra2 53. Kd5 Ra7 54. Kc6 f6 55. Rh2 Kg7 56. Rd2 Kg6 57. Rd5 Kf7 58. Rd4 Ke7 59. Re4+ Kd8 60. Re6 Ra3 61. f4 Rc3 62. Kd5 Kd7 63. Rxf6 Rxe3 64. Rxh6 Rd3+ 65. Ke4 Rc3 66. Rh7+ Kd8 67. g5 Rxc4+ 68. Kf5 Ke8 69. g6 Kf8 70. Kg5 Rc1 71. Kf6 1-0

[Event "FRA-ch Seniors"]
[Site "Caen"]
[Date "2011.08.24"]
[Round "8"]
[White "Ruiz, Richard"]
[Black "Ruch, Bernard"]
[Result "1/2-1/2"]
[WhiteElo "2106"]
[BlackElo "1994"]
[PlyCount "79"]
[EventDate "2011.08.16"]
[EventType "swiss"]
[EventRounds "11"]
[EventCountry "FRA"]
[SourceTitle "CBM 144 Extra"]
[Source "ChessBase"]
[SourceDate "2011.10.28"]
[SourceVersion "1"]
[SourceVersionDate "2011.10.28"]
[SourceQuality "1"]

1. d4 d5 2. Nf3 c6 3. Nc3 Bf5 4. Bg5 h6 5. Bf4 e6 6. a3 Nf6 7. e3 Bd6 8. Ne5 Qc7 9. Bg3 Nbd7 10. f4 Ne4 11. Nxe4 Bxe4 12. Qd2 Nf6 13. Bd3 Bf5 14. 0-0 0-0 15. Rac1 Ne4 16. Bxe4 Bxe4 17. c4 Qe7 18. c5 Bc7 19. Nd3 f6 20. Nf2 Bh7 21. Rfe1 Rad8 22. Rcd1 e5 23. Qc3 e4 24. Rf1 f5 25. Rb1 Bg6 26. Nd1 Be8 27. Qe1 Qf7 28. Bh4 Rb8 29. b4 Bd7 30. a4 a6 31. Nc3 Kh7 32. Qd2 Rg8 33. Bg3 g6 34. Rfc1 Ra8 35. Ra1 Bd8 36. Rf1 Bf6 37. Kh1 Qe7 38. Qf2 g5 39. fxg5 hxg5 40. Bd6 1/2-1/2

[Event "FRA-ch Seniors"]
[Site "Caen"]
[Date "2011.08.20"]
[Round "5"]
[White "Ruiz, Richard"]
[Black "Pinchon, Henri"]
[Result "1-0"]
[WhiteElo "2106"]
[BlackElo "1904"]
[PlyCount "43"]
[EventDate "2011.08.16"]
[EventType "swiss"]
[EventRounds "11"]
[EventCountry "FRA"]
[SourceTitle "CBM 144 Extra"]
[Source "ChessBase"]
[SourceDate "2011.10.28"]
[SourceVersion "1"]
[SourceVersionDate "2011.10.28"]
[SourceQuality "1"]

1. d4 Nf6 2. Nc3 d5 3. Bg5 e6 4. e4 dxe4 5. Nxe4 Be7 6. Bxf6 Bxf6 7. Nf3 0-0 8. c3 Bd7 9. Bd3 h6 10. Qc2 Bc6 11. 0-0-0 Nd7 12. h4 Nb6 13. g4 Be7 14. g5 h5 15. Rhg1 Kh8 16. g6 f6 17. Qe2 Be8 18. Nfd2 Bxg6 19. Rxg6 Qd5 20. Qxh5+ Kg8 21. Rdg1 Rf7 22. Rh6 1-0

[Event "FRA-chT3 Gr01 0607"]
[Site "France"]
[Date "2007.01.21"]
[Round "5.1"]
[White "Ruiz, Richard"]
[Black "Efimov, Igor"]
[Result "0-1"]
[WhiteElo "2155"]
[BlackElo "2416"]
[PlyCount "78"]
[EventDate "2006.10.15"]
[EventType "team"]
[EventRounds "9"]
[EventCountry "FRA"]
[SourceTitle "EXT 2008"]
[Source "ChessBase"]
[SourceDate "2007.11.25"]
[SourceVersion "1"]
[SourceVersionDate "2007.11.25"]
[SourceQuality "1"]

1. d4 e6 2. Nc3 Bb4 3. e4 d5 4. exd5 exd5 5. Nf3 Nf6 6. Bd3 Qe7+ 7. Be3 Ne4 8. Bxe4 dxe4 9. Nd2 c6 10. Ne2 0-0 11. c3 Bd6 12. Qc2 f5 13. g3 Be6 14. h4 Nd7 15. Nf4 Nf6 16. Nb3 Bf7 17. Nc1 b5 18. Nce2 a5 19. b3 h6 20. Qd2 Rfd8 21. Kf1 Ng4 22. Qc1 Rac8 23. c4 bxc4 24. bxc4 Ba3 25. Qc2 Qb4 26. c5 Rb8 27. Rd1 Qc4 28. Rd2 Qxc2 29. Rxc2 Rb2 30. Rxb2 Bxb2 31. a4 Rb8 32. Kg2 Rb4 33. d5 cxd5 34. Rd1 Rc4 35. Bd4 Ba3 36. Nc3 Bxc5 37. Bxc5 Rxc5 38. Nfxd5 Kf8 39. Kg1 Ne5 0-1

[Event "FRA-chT3 Gr01 0607"]
[Site "France"]
[Date "2006.12.10"]
[Round "4.3"]
[White "Ruiz, Richard"]
[Black "Boursier, Julien"]
[Result "1/2-1/2"]
[WhiteElo "2155"]
[BlackElo "2069"]
[PlyCount "89"]
[EventDate "2006.10.15"]
[EventType "team"]
[EventRounds "9"]
[EventCountry "FRA"]
[SourceTitle "EXT 2008"]
[Source "ChessBase"]
[SourceDate "2007.11.25"]
[SourceVersion "1"]
[SourceVersionDate "2007.11.25"]
[SourceQuality "1"]

1. d4 d5 2. Nc3 Nf6 3. Bg5 c6 4. Nf3 Bf5 5. e3 Nbd7 6. Bd3 e6 7. Bxf5 exf5 8. 0-0 Bd6 9. Ne2 Qc7 10. Bf4 Ne4 11. Bxd6 Qxd6 12. Ng3 g6 13. Nd2 Ndf6 14. Rc1 Qb4 15. Ngxe4 Nxe4 16. Nxe4 fxe4 17. Rb1 0-0 18. c3 Qe7 19. Rc1 f5 20. g3 g5 21. c4 Rad8 22. cxd5 Rxd5 23. Qh5 Qg7 24. Rc5 Rd6 25. f4 Rxd4 26. fxg5 Rd5 27. Rxd5 cxd5 28. Rd1 Qxb2 29. Rxd5 Qc1+ 30. Kg2 Qc6 31. Qd1 Qg6 32. h4 Qc6 33. Rd6 Qc4 34. g6 Rc8 35. Kh3 hxg6 36. Rxg6+ Kf7 37. h5 Qd3 38. Qa1 Rc3 39. Qb2 b6 40. Qf2 Qd7 41. Qf4 Rc1 42. Rd6 Qc8 43. Rh6 Rh1+ 44. Kg2 Rc1 45. Kh3 1/2-1/2

[Event "FRA-chT2"]
[Site "France"]
[Date "2001.12.09"]
[Round "4"]
[White "Villalongue, Tristan"]
[Black "Ruiz, Richard"]
[Result "0-1"]
[WhiteElo "2087"]
[BlackElo "2134"]
[PlyCount "61"]
[EventDate "2002.??.??"]
[EventType "team"]
[EventRounds "11"]
[EventCountry "FRA"]
[SourceTitle "EXT 2003"]
[Source "ChessBase"]
[SourceDate "2002.11.25"]
[SourceVersion "1"]
[SourceVersionDate "2002.11.25"]
[SourceQuality "1"]

1. d4 Nf6 2. Bg5 Ne4 3. Bf4 c5 4. f3 Qa5+ 5. Nd2 Nf6 6. c3 cxd4 7. Nb3 Qb6 8. Qxd4 Nc6 9. Qxb6 axb6 10. Be3 b5 11. Nd4 Nxd4 12. Bxd4 e6 13. e4 b4 14. Bc4 bxc3 15. bxc3 Ba3 16. e5 Ng8 17. Rb1 Ne7 18. f4 0-0 19. Nf3 Nc6 20. Be3 d5 21. exd6 Bxd6 22. 0-0 Ra4 23. Bb3 Ra5 24. Nd2 Bc5 25. Bxc5 Rxc5 26. Ne4 Ra5 27. Nd6 g6 28. a4 Ra7 29. Bc2 Ne7 30. g4 Nd5 31. f5 0-1

[Event "Toronto Summer op"]
[Site "Toronto"]
[Date "2000.08.17"]
[Round "3"]
[White "Glinert, Stephen"]
[Black "Ruiz, Richard"]
[Result "1-0"]
[WhiteElo "2249"]
[BlackElo "2145"]
[PlyCount "81"]
[EventDate "2000.08.16"]
[EventType "swiss"]
[EventRounds "9"]
[EventCountry "CAN"]
[SourceTitle "EXT 2001"]
[Source "ChessBase"]
[SourceDate "2000.11.22"]
[SourceVersion "1"]
[SourceVersionDate "2000.11.22"]
[SourceQuality "1"]

1. e4 Nc6 2. Nf3 d6 3. d4 Nf6 4. Nc3 Bg4 5. Be3 a6 6. Be2 e5 7. d5 Ne7 8. 0-0 Ng6 9. Ne1 Bxe2 10. Qxe2 Qd7 11. h3 Be7 12. Nd3 0-0 13. a4 c6 14. a5 cxd5 15. exd5 Rac8 16. f4 exf4 17. Nxf4 Ne5 18. Bd4 Rfe8 19. Qf2 Bd8 20. b3 Ng6 21. Qd2 Ne4 22. Nxe4 Rxe4 23. Nh5 f6 24. Ng3 Re8 25. c4 Bc7 26. Nf5 Re4 27. Ng3 Ree8 28. Nh5 Ne5 29. Rxf6 Qe7 30. Rf2 Qh4 31. Nf4 Qg3 32. Qc3 Qh4 33. Ne6 Bb8 34. Raf1 h6 35. Rf4 Qh5 36. Qg3 Rxe6 37. dxe6 d5 38. e7 Ng6 39. Rf8+ Kh7 40. Rxc8 Bxg3 41. e8Q 1-0

[Event "FRA-chT2S 9899"]
[Site "France"]
[Date "1998.10.18"]
[Round "1"]
[White "Ruiz, Richard"]
[Black "Moncamp, Gilles"]
[Result "0-1"]
[WhiteElo "2165"]
[BlackElo "2230"]
[PlyCount "68"]
[EventDate "1998.??.??"]
[EventType "team"]
[EventRounds "9"]
[EventCountry "FRA"]
[SourceTitle "EXT 2002"]
[Source "ChessBase"]
[SourceDate "2001.11.25"]
[SourceVersion "1"]
[SourceVersionDate "2001.11.25"]
[SourceQuality "1"]

1. d4 d5 2. Nf3 Nf6 3. Bg5 e6 4. Nbd2 Be7 5. Bxf6 Bxf6 6. e4 0-0 7. Bd3 Nd7 8. c3 c5 9. e5 Be7 10. Qb1 h6 11. h4 f6 12. exf6 Bxf6 13. Qc2 e5 14. dxe5 Nxe5 15. Bh7+ Kh8 16. 0-0-0 Ng4 17. Ne4 Qa5 18. Neg5 Qxa2 19. Bg6 Bxg5+ 20. hxg5 Bd7 21. Bh5 Bf5 22. Qxf5 Rxf5 23. Bxg4 Rf4 24. Be6 Re8 25. Bxd5 Qa1+ 26. Kc2 Re2+ 27. Nd2 Qa4+ 28. Kb1 Rfxf2 29. Bb3 Qe8 30. Nc4 b5 31. Nd6 Qg6+ 32. Ka1 c4 33. Ba2 Rxb2 34. Bb1 Rxb1+ 0-1

[Event "Toronto op"]
[Site "Toronto"]
[Date "1998.05.17"]
[Round "7"]
[White "Ruiz, Richard"]
[Black "Dutton, Warren Richard"]
[Result "1/2-1/2"]
[WhiteElo "2165"]
[BlackElo "2120"]
[PlyCount "29"]
[EventDate "1998.05.14"]
[EventType "swiss"]
[EventRounds "9"]
[EventCountry "CAN"]
[SourceTitle "CBM 065 Extra"]
[Source "ChessBase"]
[SourceDate "1998.09.09"]
[SourceVersion "1"]
[SourceVersionDate "1998.09.09"]
[SourceQuality "1"]

1. d4 Nf6 2. Nf3 b6 3. Bf4 Bb7 4. e3 e6 5. Be2 Be7 6. 0-0 0-0 7. c4 c5 8. Nc3 d5 9. cxd5 Nxd5 10. Nxd5 Qxd5 11. dxc5 Bxc5 12. Qxd5 Bxd5 13. a3 a5 14. Rac1 Nc6 15. Bg3 1/2-1/2

[Event "Toronto op"]
[Site "Toronto"]
[Date "1998.05.16"]
[Round "4"]
[White "Haessel, Dale R"]
[Black "Ruiz, Richard"]
[Result "1-0"]
[WhiteElo "2225"]
[BlackElo "2165"]
[PlyCount "71"]
[EventDate "1998.05.14"]
[EventType "swiss"]
[EventRounds "9"]
[EventCountry "CAN"]
[SourceTitle "CBM 065 Extra"]
[Source "ChessBase"]
[SourceDate "1998.09.09"]
[SourceVersion "1"]
[SourceVersionDate "1998.09.09"]
[SourceQuality "1"]

1. e4 c6 2. d4 d5 3. exd5 cxd5 4. Bd3 Nf6 5. c3 Nc6 6. h3 e6 7. Bf4 Bd6 8. Bxd6 Qxd6 9. Nf3 0-0 10. 0-0 b6 11. Nbd2 Bb7 12. Re1 Rac8 13. Ne5 Qe7 14. f4 g6 15. Ndf3 Na5 16. Qe2 Nh5 17. Qd2 Nc4 18. Qc1 Rc7 19. g4 Nf6 20. f5 Ne4 21. Nxc4 Rxc4 22. Qh6 exf5 23. gxf5 Rc6 24. Bxe4 dxe4 25. Ng5 f6 26. Rxe4 Qc7 27. fxg6 fxg5 28. gxh7+ Qxh7 29. Qxh7+ Kxh7 30. Re7+ Kg6 31. Rxb7 Rcf6 32. Re1 Rf2 33. Re6+ Kf5 34. Kxf2 Kxe6+ 35. Kg3 Kd5 36. Rxa7 1-0

[Event "Toronto op"]
[Site "Toronto"]
[Date "1997.??.??"]
[Round "5"]
[White "Hum, Peter"]
[Black "Ruiz, Richard"]
[Result "1/2-1/2"]
[WhiteElo "2235"]
[BlackElo "2150"]
[PlyCount "44"]
[EventDate "1997.??.??"]
[EventType "swiss"]
[EventRounds "7"]
[EventCountry "CAN"]
[SourceTitle "EXT 2001"]
[Source "ChessBase"]
[SourceDate "2000.11.22"]
[SourceVersion "1"]
[SourceVersionDate "2000.11.22"]
[SourceQuality "1"]

1. d4 Nf6 2. c4 e6 3. Nc3 Bb4 4. e3 0-0 5. Bd3 d5 6. a3 Bxc3+ 7. bxc3 dxc4 8. Bxc4 c6 9. Nf3 Qa5 10. Qc2 b6 11. 0-0 Ba6 12. Bxa6 Nxa6 13. e4 h6 14. e5 Nh7 15. Bd2 Qd5 16. Qa4 Nc7 17. c4 Qd7 18. Rfc1 Rfc8 19. Be3 Nf8 20. Nd2 c5 21. Qxd7 Nxd7 22. dxc5 Nxc5 1/2-1/2

[Event "FRA-chT"]
[Site "France"]
[Date "1995.??.??"]
[Round "?"]
[White "Gachon, Lionel"]
[Black "Ruiz, Richard"]
[Result "1-0"]
[WhiteElo "2280"]
[BlackElo "2190"]
[PlyCount "92"]
[EventDate "1995.??.??"]
[EventType "team"]
[EventRounds "5"]
[EventCountry "FRA"]
[SourceTitle "EXT 2005"]
[Source "ChessBase"]
[SourceDate "2004.11.15"]
[SourceVersion "1"]
[SourceVersionDate "2004.11.15"]
[SourceQuality "1"]

1. d4 Nf6 2. c4 d6 3. Nc3 g6 4. e4 Bg7 5. f4 0-0 6. Nf3 c5 7. d5 Bg4 8. Be2 Nfd7 9. 0-0 Bxf3 10. Bxf3 Na6 11. g4 Nc7 12. g5 Rb8 13. a4 a6 14. Qd3 e6 15. h4 exd5 16. exd5 f5 17. Bd2 Re8 18. Kg2 Nf8 19. h5 Qd7 20. h6 Bh8 21. Bd1 b6 22. Bc2 Qf7 23. Rae1 Nd7 24. Rxe8+ Rxe8 25. Re1 Rxe1 26. Bxe1 Qe7 27. Bd2 Nb8 28. Nd1 Nd7 29. Nc3 Nb8 30. a5 b5 31. cxb5 Bxc3 32. Bxc3 Nxb5 33. Kf2 Nd7 34. Bg7 Nf8 35. Ba4 Nc7 36. b3 Qf7 37. Bc6 Nd7 38. Bb2 Kf8 39. Qc4 Nb8 40. Qc3 Ke7 41. Qg7 Nxc6 42. Bf6+ Ke8 43. dxc6 Ne6 44. Qh8+ Nf8 45. Bg7 Kd8 46. Bxf8 Kc7 1-0

[Event "FRA-chT2"]
[Site "France"]
[Date "1994.??.??"]
[Round "5"]
[White "Ruiz, Richard"]
[Black "Roos, Louis"]
[Result "0-1"]
[WhiteElo "2220"]
[BlackElo "2455"]
[PlyCount "89"]
[EventDate "1994.??.??"]
[EventType "team"]
[EventRounds "9"]
[EventCountry "FRA"]
[SourceTitle "EXT 2004"]
[Source "ChessBase"]
[SourceDate "2003.11.25"]
[SourceVersion "1"]
[SourceVersionDate "2003.11.25"]
[SourceQuality "1"]

1. d4 e6 2. Nc3 d5 3. Nf3 Nf6 4. Bg5 Be7 5. e3 Nbd7 6. Bd3 c5 7. 0-0 a6 8. a4 0-0 9. Ne5 Nxe5 10. dxe5 Nd7 11. Bxe7 Qxe7 12. f4 f5 13. b3 Kh8 14. a5 b5 15. axb6 Nxb6 16. Na4 Nd7 17. Be2 Bb7 18. Bf3 g5 19. g3 Rab8 20. Qd2 Rg8 21. Bg2 h5 22. Qe2 Qh7 23. Kf2 h4 24. Ke1 Rg6 25. Bf3 gxf4 26. gxf4 h3 27. Kd2 Rbg8 28. Kc3 Qh4 29. Kb2 Kh7 30. Rad1 c4 31. Qd2 Qe7 32. Qa5 cxb3 33. cxb3 Bc6 34. Rd2 Bxa4 35. Qxa4 Nc5 36. Qa3 Rb8 37. Bd1 Rg2 38. Rxg2 hxg2 39. Rg1 Nd3+ 40. Ka2 Nb4+ 41. Kb1 Rc8 42. Rxg2 Qc5 43. Bc2 Qc3 44. Qc1 Nd3 45. Bxd3 0-1